000
00217 a2200097 4500
001
37844
100
_a
Cherimisinoff N
245
_a
Mixed flow hydrodynamics
260
_a
USA
_b
Gulf Pub Co
_c
090
_c
24035
_d
24035
942
_a
NUST-CAE
_c
M
_c
15598
999
_c
272917
_d
272917